Central Library OPAC University of Rajshahi

The Victorians / (Record no. 25385)

MARC details
000 -LEADER
fixed length control field 00877cam a22002531 4500
001 - CONTROL NUMBER
control field 25385
003 - CONTROL NUMBER IDENTIFIER
rucl marc code BD-RjUL
005 - DATE AND TIME OF LATEST TRANSACTION
control field 20211209050854.0
008 - FIXED-LENGTH DATA ELEMENTS--GENERAL INFORMATION
fixed length control field 140318s1966 enkach b 000 0 eng
035 ## - SYSTEM CONTROL NUMBER
System control number (BD-RjUL)25455
040 ## - CATALOGING SOURCE
Original cataloging agency DLC
Transcribing agency Wa
Modifying agency DLC
-- BD-RjUL
Language of cataloging eng
041 ## - LANGUAGE CODE
Language code of text/sound track or separate title eng
082 00 - DEWEY DECIMAL CLASSIFICATION NUMBER
Classification number 914.20381
Author mark and year VIC 1966
100 1# - MAIN ENTRY--PERSONAL NAME
Personal name Evans, Joan,
Dates associated with a name 1893-1977.
9 (RLIN) 61802
245 14 - TITLE STATEMENT
Title The Victorians /
Statement of responsibility, etc. introduced by Joan Evans.
260 ## - PUBLICATION, DISTRIBUTION, ETC. (IMPRINT)
Place of publication, distribution, etc. London :
Name of publisher, distributor, etc. Cambridge University Press,
Date of publication, distribution, etc. 1966.
300 ## - PHYSICAL DESCRIPTION
Pagination viii, 254 p. :
Illustrations fronts, 102 illus. (incl. ports.), facsims. ;
Size 29 cm.
504 ## - BIBLIOGRAPHY, ETC. NOTE
Bibliography, etc Bibliographical references included in "Notes on the quotations" (p. 239-248)
651 #0 - SUBJECT ADDED ENTRY--GEOGRAPHIC NAME
Geographic name Great Britain
General subdivision Social life and customs
Chronological subdivision 19th century.
9 (RLIN) 65266
Geographic name Great Britain
General subdivision History
Chronological subdivision Victoria, 1837-1901.
9 (RLIN) 78049
942 ## - ADDED ENTRY ELEMENTS (KOHA)
Source of classification or shelving scheme Dewey Decimal Classification
Koha item type Books
Holdings
Lost status Source of classification or shelving scheme Damaged status Not for loan Collection code Permanent Location Current Location Shelving location Date acquired Source of acquisition Cost, normal purchase price Total Checkouts Full call number Date last seen Copy number Koha item type
  Dewey Decimal Classification   Added to bundle Non-fiction Central Library, University of Rajshahi Central Library, University of Rajshahi Reading Room 29/11/1969 Zeit 60.00   914.20381 VIC 1966 18/03/2014 C-1 Books